| 000 | 00640nam a2200217Ia 4500 | ||
|---|---|---|---|
| 001 | 9583 | ||
| 003 | GE_BSU | ||
| 008 | 181216s||||||||xx |||||||||||||| ||und|| | ||
| 020 | _a5525003910 | ||
| 040 | _cGE_BSU | ||
| 080 | _a82-93 | ||
| 100 | _aმგელაძე,ნარგიზა | ||
| 245 | _aმოთხრობები. | ||
| 245 | _cრედ. მ.ახვლედიანი.მხატვ.ნ.ჭურღულია | ||
| 260 | _aთბილისი | ||
| 260 | _bნაკადული | ||
| 260 | _c1989 | ||
| 300 | _a349გვ.ილ.21სმ. | ||
| 653 | _aმოთხრობები | ||
| 942 | _cBK | ||
| 999 |
_c42875 _d42875 |
||